Geometrías no euclidianas

I tiakina i:
Ngā taipitopito rārangi puna kōrero
Kaituhi matua: Santaló, Luis A (Author)
Hōputu: Pukapuka
Reo:Pāniora
I whakaputaina: Buenos Aires EUDEBA 1966
Putanga:3a. ed
Rangatū:Cuadernos de Eudeba, 45
Ngā marau:
Ngā Tūtohu: Tāpirihia he Tūtohu
Kāore He Tūtohu, Me noho koe te mea tuatahi ki te tūtohu i tēnei pūkete!

MARC

LEADER 00000nam a2200000 a 4500
001 UCV7962
003 CL-VaPUC
008 900314e19660000AG |||||||||||||||||spa|d
082 0 4 |a 516.9  |b SAN  |2 21 
100 0 |a Santaló, Luis A  |e author  |9 302059 
245 1 0 |a Geometrías no euclidianas 
250 |a 3a. ed 
300 |a 63 p 
942 |c BK 
945 |d 19900314 00:00:00 
260 |a Buenos Aires  |b EUDEBA  |c 1966 
650 7 |a GEOMETRIA NO EUCLIDIANA  |2 CL-VaPUC  |9 265853 
583 |a last modification  |c 19900314 00:00:00  |k Rodrigo Vera 
490 0 |a Cuadernos de Eudeba, 45 
999 |c 213560  |d 213558 
952 |0 0  |1 0  |4 0  |6 516_900000000000000_SAN_1966  |7 0  |8 P  |9 196050  |a BIBARQ  |b BIBARQ  |d 2019-11-14  |i 264004K  |l 1  |o 516.9 SAN 1966  |p 264004K  |r 2025-01-20  |s 2022-04-19  |w 2019-11-14  |y BK  |k ARQ 
952 |0 0  |1 0  |4 0  |6 516_900000000000000_SAN_1966  |7 0  |8 A  |9 196051  |a BIBCUR  |b BIBCUR  |d 2019-11-14  |i 2640058  |o 516.9 SAN 1966  |p 2640058  |r 2025-04-22  |w 2019-11-14  |y BK  |k BCB 
952 |0 0  |1 0  |4 0  |6 516_900000000000000_SAN_1966  |7 0  |8 A  |9 196052  |a BIBMAT  |b BIBMAT  |d 2019-11-14  |i 1302833  |l 1  |m 2  |o 516.9 SAN 1966  |p 1302833  |q 2025-08-29  |r 2024-06-18  |s 2024-06-18  |w 2019-11-14  |y BK  |k MAT 
952 |0 0  |1 0  |4 0  |6 516_900000000000000_SAN_1966  |7 0  |8 A  |9 196053  |a BIBMAT  |b BIBMAT  |d 2019-11-14  |i 1302884  |o 516.9 SAN 1966  |p 1302884  |r 2025-01-07  |w 2019-11-14  |y BK  |k MAT